Catalog

Record Details

Catalog Search



Curious George's big book of curiosity  Cover Image Book Book

Curious George's big book of curiosity / illustrated in the style of H.A. Rey by Greg Paprocki.

Summary:

Readers can follow Curious George from morning to night, city to country, home to town, and learn new words and concepts along the way, including shapes, opposites, emotions, and jobs.

Record details

  • ISBN: 9780618583386 (hardcover)
  • ISBN: 0618583386 (hardcover)
  • Physical Description: 1 v. (unpaged) : color illustrations ; 27 cm.
  • Publisher: Boston : Houghton Mifflin, ©2005.
Subject: Vocabulary > Juvenile literature.
Curious George (Fictitious character) > Juvenile literature.

Available copies

  • 0 of 1 copy available at scottsboropl.

Holds

  • 0 current holds with 1 total copy.
Show Only Available Copies
Location Call Number / Copy Notes Barcode Shelving Location Status Due Date
scottsboropl E Rey 32269000961097 Juvenile - Easy Checked out 04/25/2026

LDR 01248cam a2200301 a 4500
001139442
003CONS
00520150717073448.0
008050214s2005 maua b 000 0 eng
010 . ‡a 2005003167
020 . ‡a9780618583386 (hardcover)
020 . ‡a0618583386 (hardcover)
035 . ‡a(CPomAG)LMN589231
05000. ‡aPE1449 ‡b.P297 2005
08200. ‡a428.1/3 ‡222
1001 . ‡aPaprocki, Greg.
24510. ‡aCurious George's big book of curiosity / ‡cillustrated in the style of H.A. Rey by Greg Paprocki.
24630. ‡aBig book of curiosity
260 . ‡aBoston : ‡bHoughton Mifflin, ‡c©2005.
300 . ‡a1 v. (unpaged) : ‡bcolor illustrations ; ‡c27 cm.
5200 . ‡aReaders can follow Curious George from morning to night, city to country, home to town, and learn new words and concepts along the way, including shapes, opposites, emotions, and jobs.
650 0. ‡aVocabulary ‡vJuvenile literature.
650 0. ‡aCurious George (Fictitious character) ‡vJuvenile literature.
7001 . ‡aRey, H. A. ‡q(Hans Augusto), ‡d1898-1977, ‡eill.
7001 . ‡aRey, Margret.
941 . ‡aSCP_lp ‡dLMN_cm
959 . ‡i32269000961097 ‡lE Rey ‡aJuvenile - Easy ‡tEasy ‡g20.00
852 . ‡p32269000961097 ‡jE Rey ‡gJuvenile - Easy ‡cEasy ‡y20.00 ‡bSBPL
901 . ‡a139442 ‡bUnknown ‡c139442 ‡tbiblio

Additional Resources